[Event "Katowice rapid op"]
[Site "Katowice"]
[Date "2025.05.31"]
[Round "6"]
[White "Zawierucha, Aleksander"]
[Black "El, Kader Maria"]
[Result "1-0"]
[WhiteElo "1963"]
[BlackElo "1761"]
[PlyCount "131"]
[EventDate "2025.05.31"]
[EventType "swiss"]
[EventRounds "11"]
[EventCountry "POL"]
[SourceTitle "CB24_2025"]
[SourceDate "2025.06.11"]
[SourceVersion "1"]
[SourceVersionDate "2025.06.11"]
[SourceQuality "1"]

1. d4 Nf6 2. c4 g6 3. Nc3 Bg7 4. e4 0-0 5. Nf3 d6 6. Be2 e5 7. dxe5 dxe5 8. Qxd8 Rxd8 9. Bg5 Nc6 10. Nd5 Rd6 11. Bxf6 Bxf6 12. c5 Rxd5 13. exd5 Nb4 14. 0-0-0 Nxa2+ 15. Kb1 Nb4 16. Ne1 Bf5+ 17. Bd3 e4 18. Bc2 Rd8 19. d6 cxd6 20. Rxd6 Rxd6 21. cxd6 Nxc2 22. Nxc2 Kf8 23. Ne3 Bd7 24. Rc1 Bc6 25. Nc4 Ke8 26. Na5 Kd7 27. Nxb7 Bd4 28. Na5 Bd5 29. Rd1 e3 30. fxe3 Be4+ 31. Ka1 Bxe3 32. Re1 Bb6 33. Rxe4 Bxa5 34. Re7+ Kxd6 35. Rxa7 Bc7 36. Kb1 h5 37. g3 f6 38. Kc2 Bb8 39. Rg7 g5 40. Rh7 Bc7 41. Rxh5 Bb6 42. Kd3 Ke5 43. h4 Kf5 44. hxg5 fxg5 45. Ke2 Kg4 46. Rh6 Bd4 47. b4 Kxg3 48. Kd3 Be5 49. b5 g4 50. Ke4 Bb8 51. b6 Kf2 52. Rf6+ Kg2 53. Rf8 Bh2 54. b7 Bd6 55. Rd8 Bc7 56. Rd2+ Kh3 57. Rc2 Bg3 58. Rc5 Bd6 59. Rh5+ Kg2 60. Rd5 Bc7 61. Rc5 Bd6 62. Rd5 Bh2 63. Re5 g3 64. b8Q Kh1 65. Qb1+ Bg1 66. Kf3 1-0

[Event "POL-chT 2nd League"]
[Site "Jastrzebia Gora"]
[Date "2022.09.07"]
[Round "5.112"]
[White "Flis, Pawel"]
[Black "Zawierucha, Aleksander"]
[Result "1/2-1/2"]
[WhiteElo "1936"]
[BlackElo "1946"]
[PlyCount "74"]
[EventDate "2022.09.03"]
[EventType "team-swiss"]
[EventRounds "9"]
[EventCountry "POL"]
[SourceTitle "CBM 210 Extra"]
[Source "ChessBase"]
[SourceDate "2022.11.30"]
[SourceVersion "1"]
[SourceVersionDate "2022.11.30"]
[SourceQuality "1"]
[WhiteTeam "Lodz Okucia Budowlane"]
[BlackTeam "Zory Roszada"]
[WhiteTeamCountry "POL"]
[BlackTeamCountry "POL"]

1. e4 e6 2. d4 d5 3. Nd2 Nf6 4. Bd3 c5 5. e5 Nfd7 6. c3 Nc6 7. Ne2 cxd4 8. cxd4 f6 9. exf6 Nxf6 10. 0-0 Bd6 11. Nf3 Qc7 12. Nc3 a6 13. Bg5 0-0 14. Rc1 Qf7 15. Bh4 Qh5 16. h3 Nxd4 17. Nxd4 Qxh4 18. Be2 Ne4 19. Nxe4 Qxe4 20. Bf3 Qf4 21. g3 Qh6 22. Bg4 Bd7 23. Re1 Rf6 24. Rc2 Raf8 25. Rce2 Bc5 26. Kg2 e5 27. Nf5 Bxf5 28. Qxd5+ Kh8 29. Qxc5 Bxg4 30. hxg4 Qg5 31. Qc4 h6 32. Qe4 b5 33. Rf1 Rd8 34. Rh1 Rd4 35. Qa8+ Kh7 36. Rh5 Qxg4 37. Rhxe5 Qd7 1/2-1/2

[Event "POL-chT 2nd League"]
[Site "Poronin"]
[Date "2020.09.10"]
[Round "6.19"]
[White "Jaworski, Miroslaw"]
[Black "Zawierucha, Aleksander"]
[Result "1-0"]
[WhiteElo "2196"]
[BlackElo "1899"]
[PlyCount "71"]
[EventDate "2020.09.05"]
[EventType "team-swiss"]
[EventRounds "9"]
[EventCountry "POL"]
[SourceTitle "CBM 198 Extra"]
[Source "ChessBase"]
[SourceDate "2020.11.30"]
[SourceVersion "1"]
[SourceVersionDate "2020.11.30"]
[SourceQuality "1"]
[WhiteTeam "Raciborz Silesia"]
[BlackTeam "Zory Roszada"]
[WhiteTeamCountry "POL"]
[BlackTeamCountry "POL"]

1. d4 Nf6 2. c4 e5 3. dxe5 Ng4 4. Bf4 Nc6 5. Nf3 Bb4+ 6. Nc3 Qe7 7. Qd5 Bxc3+ 8. bxc3 f6 9. exf6 Nxf6 10. Qd3 d6 11. g3 0-0 12. Bg2 Ne4 13. 0-0 Nc5 14. Qd1 Be6 15. Nd4 Bd7 16. Re1 Kh8 17. Rb1 Rab8 18. Nb5 Bf5 19. e4 Be6 20. e5 Nxe5 21. Bxe5 dxe5 22. Rxe5 Qf6 23. Qd4 Nd7 24. Ree1 c6 25. Nd6 Nb6 26. c5 Nd5 27. Qxf6 Rxf6 28. Ne4 Rff8 29. c4 Nc7 30. Nd6 Bg8 31. Re7 Ne6 32. Rexb7 Rxb7 33. Rxb7 Nxc5 34. Rxa7 Nd3 35. Bxc6 Nxf2 36. Ra8 1-0

[Event "POL-chT 2nd League"]
[Site "Jastrzebia Gora"]
[Date "2018.09.05"]
[Round "5.95"]
[White "Zawierucha, Aleksander"]
[Black "Jankowiak, Piotr"]
[Result "1/2-1/2"]
[WhiteElo "1879"]
[BlackElo "1925"]
[PlyCount "65"]
[EventDate "2018.09.01"]
[EventType "team-swiss"]
[EventRounds "9"]
[EventCountry "POL"]
[SourceTitle "CBM 186 Extra"]
[Source "ChessBase"]
[SourceDate "2018.08.24"]
[SourceVersion "1"]
[SourceVersionDate "2018.08.24"]
[SourceQuality "1"]
[WhiteTeam "Zory Roszada"]
[BlackTeam "Bogatynia UKS SP3"]
[WhiteTeamCountry "POL"]
[BlackTeamCountry "POL"]

1. d4 d5 2. c4 e6 3. Nc3 Be7 4. cxd5 exd5 5. Qc2 c6 6. Bf4 Nf6 7. e3 0-0 8. Bd3 Be6 9. Nf3 Nbd7 10. 0-0 h6 11. Ne5 Nxe5 12. Bxe5 Ng4 13. Bg3 Bd6 14. Bf5 Bxg3 15. hxg3 Bxf5 16. Qxf5 Qg5 17. Qxg5 hxg5 18. Rfe1 f5 19. f3 Nf6 20. Kf2 Kf7 21. Na4 Ke6 22. Rh1 Rh8 23. b3 Rac8 24. b4 Rxh1 25. Rxh1 Rb8 26. Rb1 b5 27. Nb2 a5 28. Nd3 Rc8 29. Rc1 Kd6 30. Rc2 a4 31. a3 Rf8 32. f4 g4 33. Ne5 1/2-1/2

[Event "POL-chT 2nd League"]
[Site "Jastrzebia Gora"]
[Date "2018.09.04"]
[Round "4.83"]
[White "Koloczek, Maciej"]
[Black "Zawierucha, Aleksander"]
[Result "1/2-1/2"]
[WhiteElo "1677"]
[BlackElo "1879"]
[PlyCount "86"]
[EventDate "2018.09.01"]
[EventType "team-swiss"]
[EventRounds "9"]
[EventCountry "POL"]
[SourceTitle "CBM 186 Extra"]
[Source "ChessBase"]
[SourceDate "2018.08.24"]
[SourceVersion "1"]
[SourceVersionDate "2018.08.24"]
[SourceQuality "1"]
[WhiteTeam "Jastrzebie Zdroj Pionier"]
[BlackTeam "Zory Roszada"]
[WhiteTeamCountry "POL"]
[BlackTeamCountry "POL"]

1. e4 Nf6 2. Nc3 d5 3. e5 d4 4. exf6 dxc3 5. fxg7 cxd2+ 6. Bxd2 Bxg7 7. Qf3 Qd4 8. Bc3 Qg4 9. Bxg7 Qxg7 10. 0-0-0 Nc6 11. Qg3 0-0 12. Nf3 Be6 13. a3 Rfd8 14. Bd3 h6 15. Be4 Rd6 16. Rhe1 Kh8 17. Bxc6 bxc6 18. Nd4 Bg4 19. Nf3 Rb8 20. Qe5 Rxd1+ 21. Kxd1 e6 22. Kc1 Bxf3 23. gxf3 Qxe5 24. Rxe5 Rb5 25. Rxb5 cxb5 26. Kd2 Kg7 27. Kc3 Kf6 28. Kb4 Ke5 29. Kxb5 Kf4 30. Kc6 Kxf3 31. Kxc7 Kxf2 32. Kd6 f5 33. c4 f4 34. c5 f3 35. c6 Kg2 36. c7 f2 37. c8Q f1Q 38. Qc2+ Kh1 39. Kxe6 Qh3+ 40. Kf6 h5 41. Qd1+ Kxh2 42. Qe2+ Kg3 43. Qe3+ Kg4 1/2-1/2

[Event "POL-chT 2nd League"]
[Site "Jastrzebia Gora"]
[Date "2018.09.01"]
[Round "1.15"]
[White "Zawierucha, Aleksander"]
[Black "Smagalski, Slawomir"]
[Result "1/2-1/2"]
[WhiteElo "1879"]
[BlackElo "1911"]
[PlyCount "85"]
[EventDate "2018.09.01"]
[EventType "team-swiss"]
[EventRounds "9"]
[EventCountry "POL"]
[SourceTitle "CBM 186 Extra"]
[Source "ChessBase"]
[SourceDate "2018.08.24"]
[SourceVersion "1"]
[SourceVersionDate "2018.08.24"]
[SourceQuality "1"]
[WhiteTeam "Zory Roszada"]
[BlackTeam "Konin Hetman"]
[WhiteTeamCountry "POL"]
[BlackTeamCountry "POL"]

1. d4 Nf6 2. c4 e6 3. Nc3 Bb4 4. Qc2 Nc6 5. Nf3 0-0 6. e4 d6 7. Be3 e5 8. dxe5 dxe5 9. Rd1 Qe7 10. Bd3 Bg4 11. 0-0 Bxc3 12. Qxc3 Bxf3 13. gxf3 Nh5 14. Kh1 Rad8 15. Be2 Qf6 16. Rd5 Nd4 17. Bxd4 exd4 18. Qd2 Rxd5 19. cxd5 Nf4 20. Rg1 c6 21. Rg4 Nxe2 22. Qxe2 Re8 23. dxc6 bxc6 24. Kg2 Re5 25. Qa6 h5 26. Rg3 Rb5 27. e5 Rxe5 28. Qxa7 d3 29. Qd4 Re6 30. Qxd3 Qxb2 31. Qd8+ Kh7 32. Qd3+ g6 33. Qc4 Kg8 34. f4 Re2 35. Rf3 Rc2 36. Qe4 Qxa2 37. f5 Qc4 38. Qe8+ Kg7 39. f6+ Kh7 40. h3 Qd5 41. Qf8 Qg5+ 42. Kh2 Qe5+ 43. Kg2 1/2-1/2

[Event "POL-chT 2nd League"]
[Site "Szklarska Poreba"]
[Date "2017.09.04"]
[Round "3.14"]
[White "Krasiewicz, Robert"]
[Black "Zawierucha, Aleksander"]
[Result "1/2-1/2"]
[WhiteElo "2005"]
[BlackElo "1907"]
[PlyCount "134"]
[EventDate "2017.09.02"]
[EventType "team-swiss"]
[EventRounds "9"]
[EventCountry "POL"]
[SourceTitle "CBM 180 Extra"]
[Source "ChessBase"]
[SourceDate "2017.10.06"]
[SourceVersion "1"]
[SourceVersionDate "2017.10.06"]
[SourceQuality "1"]
[WhiteTeam "Zielonka Zieloni"]
[BlackTeam "Roszada Zory"]
[WhiteTeamCountry "POL"]
[BlackTeamCountry "POL"]

1. d4 d5 2. Nf3 Nf6 3. e3 e6 4. Bd3 c5 5. b3 Nc6 6. Bb2 Bd6 7. Nbd2 cxd4 8. exd4 0-0 9. a3 Bd7 10. 0-0 Rc8 11. Ne5 Qb6 12. Ndf3 Rfd8 13. Qe2 Be8 14. Rfe1 a6 15. Rad1 Na7 16. h3 Rc7 17. Rd2 Rdc8 18. Qe3 Bf8 19. c4 Qd6 20. c5 Qd8 21. Bc3 Re7 22. Ra2 Bb5 23. Bb1 b6 24. a4 Be8 25. b4 b5 26. Bd3 Ra8 27. axb5 Nxb5 28. Bd2 Rea7 29. Rea1 Qc7 30. Ne1 Qb7 31. Nc2 Ne4 32. Be1 Be7 33. f3 Bg5 34. f4 Bd8 35. Bxe4 dxe4 36. Nc4 Qc6 37. Nd2 f5 38. Nc4 Bf6 39. Nb6 Rd8 40. Bc3 Nxc3 41. Qxc3 Qc7 42. g3 Bb5 43. Nc4 Qc6 44. Ra5 Rad7 45. Rd1 e3 46. N4xe3 Qf3 47. Kh2 Qf2+ 48. Ng2 Bxd4 49. Nxd4 Rxd4 50. Rxd4 Rxd4 51. Ra2 Qxa2 52. Qxd4 Bf1 53. Qd8+ Kf7 54. Qd7+ Kg6 55. Qc6 Bc4 56. Kg1 Bd5 57. Nh4+ Kf6 58. Qb6 Qb1+ 59. Kf2 Qc2+ 60. Ke3 Qc3+ 61. Ke2 Bc4+ 62. Kd1 Qd3+ 63. Kc1 Qc3+ 64. Kd1 Qd3+ 65. Kc1 Qc3+ 66. Kd1 Qd3+ 67. Kc1 Bb3 1/2-1/2

[Event "POL-chT2"]
[Site "Poronin"]
[Date "2013.09.14"]
[Round "8.65"]
[White "Siedlecki, Adam"]
[Black "Zawierucha, Aleksander"]
[Result "0-1"]
[WhiteElo "1811"]
[BlackElo "2008"]
[PlyCount "86"]
[EventDate "2013.09.06"]
[EventType "team-swiss"]
[EventRounds "9"]
[EventCountry "POL"]
[SourceTitle "EXT 2015"]
[Source "ChessBase"]
[SourceDate "2014.11.20"]
[SourceVersion "1"]
[SourceVersionDate "2014.11.20"]
[SourceQuality "1"]
[WhiteTeam "Chroscice LZS Victoria"]
[BlackTeam "Czerwionka Leszczyny Skoczek"]
[WhiteTeamCountry "POL"]
[BlackTeamCountry "POL"]

1. e4 e6 2. d4 d5 3. Nc3 Bb4 4. e5 c5 5. a3 Ba5 6. f4 cxd4 7. Qxd4 Nc6 8. Bb5 Nge7 9. Bd2 0-0 10. Qd3 Bd7 11. Nf3 a6 12. Ng5 Ng6 13. Bxc6 Bxc6 14. b4 Bb6 15. h4 d4 16. Nce4 h6 17. h5 Bxe4 18. Qxe4 hxg5 19. hxg6 Qd5 20. gxf7+ Kxf7 21. Qxd5 exd5 22. f5 Bc7 23. e6+ Kf6 24. g4 Rh8 25. Ke2 g6 26. Raf1 Rxh1 27. Rxh1 gxf5 28. Rh7 Bf4 29. gxf5 Kxf5 30. Bxf4 gxf4 31. e7 Ke4 32. Rf7 Re8 33. a4 f3+ 34. Kf2 d3 35. cxd3+ Kxd3 36. Kxf3 d4 37. b5 axb5 38. axb5 Kc2 39. Ke4 d3 40. Rf2+ d2 41. Kd5 Rxe7 42. Kd6 Rh7 43. Kc5 Kc1 0-1

[Event "POL-chT2"]
[Site "Poronin"]
[Date "2013.09.09"]
[Round "3"]
[White "Zawierucha, Aleksander"]
[Black "Sielicki, Tomasz"]
[Result "0-1"]
[WhiteElo "2008"]
[BlackElo "2004"]
[PlyCount "83"]
[EventDate "2013.09.06"]
[EventType "team-swiss"]
[EventRounds "9"]
[EventCountry "POL"]
[SourceTitle "EXT 2015"]
[Source "ChessBase"]
[SourceDate "2014.11.20"]
[SourceVersion "1"]
[SourceVersionDate "2014.11.20"]
[SourceQuality "1"]
[WhiteTeam "Czerwionka Leszczyny Skoczek"]
[BlackTeam "Zielonka Zieloni"]
[WhiteTeamCountry "POL"]
[BlackTeamCountry "POL"]

1. d4 d6 2. Nf3 g6 3. c4 Bg7 4. Nc3 Bg4 5. e3 c5 6. dxc5 Bxc3+ 7. bxc3 dxc5 8. Qxd8+ Kxd8 9. Ne5 Be6 10. Ba3 b6 11. 0-0-0+ Kc7 12. Be2 Nd7 13. Rxd7+ Bxd7 14. Nxf7 Nf6 15. Nxh8 Rxh8 16. f3 e5 17. Kc2 Rd8 18. Kc1 Be6 19. Rd1 Rxd1+ 20. Kxd1 Ne8 21. Ke1 Nd6 22. Kf2 Bxc4 23. Bxc4 Nxc4 24. Bc1 e4 25. Kg3 Kd6 26. Kf4 exf3 27. gxf3 Ke6 28. Ke4 b5 29. f4 Nd6+ 30. Kd3 Kd5 31. Ba3 a5 32. Bc1 c4+ 33. Ke2 Ke4 34. Ba3 Ne8 35. Bc5 Nc7 36. a3 Nd5 37. Kd2 Kf3 38. Bd4 h5 39. Bc5 h4 40. Bd4 h3 41. Bc5 Nf6 42. Kd1 0-1

[Event "POL-chT2"]
[Site "Poronin"]
[Date "2013.09.07"]
[Round "1.53"]
[White "Zawierucha, Aleksander"]
[Black "Zaleski, Lukasz"]
[Result "1-0"]
[WhiteElo "2008"]
[BlackElo "1878"]
[PlyCount "79"]
[EventDate "2013.09.06"]
[EventType "team-swiss"]
[EventRounds "9"]
[EventCountry "POL"]
[SourceTitle "EXT 2015"]
[Source "ChessBase"]
[SourceDate "2014.11.20"]
[SourceVersion "1"]
[SourceVersionDate "2014.11.20"]
[SourceQuality "1"]
[WhiteTeam "Czerwionka Leszczyny Skoczek"]
[BlackTeam "Kolbudy UKS Zawisza"]
[WhiteTeamCountry "POL"]
[BlackTeamCountry "POL"]

1. d4 Nf6 2. c4 e6 3. Nc3 Bb4 4. e3 b6 5. Nf3 Bb7 6. Bd2 0-0 7. Bd3 Bxc3 8. Bxc3 Be4 9. 0-0 d5 10. Ne5 Bxd3 11. Qxd3 Ne4 12. Rac1 f6 13. Nf3 c6 14. Rfd1 Qd7 15. Bb4 Rd8 16. cxd5 cxd5 17. Rc2 Nc6 18. Ba3 Rac8 19. Rdc1 Nb8 20. g3 Qb7 21. Nd2 Nxd2 22. Qxd2 a6 23. Kg2 Nc6 24. b3 Na7 25. Rxc8 Rxc8 26. Qb4 Nb5 27. Qe7 Qxe7 28. Rxc8+ Kf7 29. Bxe7 Kxe7 30. Rb8 Kd7 31. Rxb6 Nc7 32. Kf3 e5 33. dxe5 fxe5 34. Kg4 g6 35. f4 e4 36. f5 gxf5+ 37. Kxf5 d4 38. Kxe4 dxe3 39. Kd3 Nd5 40. Rh6 1-0

[Event "POL-chT 2nd League"]
[Site "Ustron"]
[Date "2008.09.12"]
[Round "6.76"]
[White "Kalinowski, Roman"]
[Black "Zawierucha, Aleksander"]
[Result "1/2-1/2"]
[WhiteElo "2225"]
[BlackElo "2095"]
[PlyCount "43"]
[EventDate "2008.09.06"]
[EventType "team-swiss"]
[EventRounds "9"]
[EventCountry "POL"]
[SourceTitle "EXT 2015"]
[Source "ChessBase"]
[SourceDate "2014.11.20"]
[SourceVersion "1"]
[SourceVersionDate "2014.11.20"]
[SourceQuality "1"]
[WhiteTeam "Pultusk Nadnarwianka"]
[BlackTeam "Czerwionka Gornik 23"]
[WhiteTeamCountry "POL"]
[BlackTeamCountry "POL"]

1. d4 Nf6 2. c4 e5 3. dxe5 Ng4 4. Nf3 Nc6 5. e3 Ngxe5 6. Nxe5 Nxe5 7. Be2 g6 8. 0-0 Bg7 9. Bd2 0-0 10. Bc3 d6 11. f4 Nc6 12. Bxg7 Kxg7 13. e4 Qf6 14. Nc3 Qd4+ 15. Qxd4+ Nxd4 16. Bd3 Bd7 17. Rae1 f6 18. Re3 Rfe8 19. Rfe1 c6 20. Bb1 Rad8 21. Rd1 c5 22. Rde1 1/2-1/2

[Event "POL-chT 2nd League"]
[Site "Ustron"]
[Date "2008.09.08"]
[Round "3.64"]
[White "Zawierucha, Aleksander"]
[Black "Szmyd, Marek"]
[Result "1-0"]
[WhiteElo "2095"]
[BlackElo "2199"]
[PlyCount "35"]
[EventDate "2008.09.06"]
[EventType "team-swiss"]
[EventRounds "9"]
[EventCountry "POL"]
[SourceTitle "EXT 2015"]
[Source "ChessBase"]
[SourceDate "2014.11.20"]
[SourceVersion "1"]
[SourceVersionDate "2014.11.20"]
[SourceQuality "1"]
[WhiteTeam "Czerwionka Gornik 23"]
[BlackTeam "Walbrzych KSz Hetman"]
[WhiteTeamCountry "POL"]
[BlackTeamCountry "POL"]

1. d4 Nf6 2. c4 d5 3. cxd5 Nxd5 4. e4 Nf6 5. Nc3 e6 6. Nf3 Be7 7. h3 0-0 8. Be3 Nbd7 9. Qb3 c6 10. Bd3 Nc5 11. dxc5 Qxd3 12. Nd5 Qxb3 13. Nxe7+ Kh8 14. axb3 Bd7 15. Nd2 Rfd8 16. Bf4 Be8 17. Bd6 Rd7 18. f3 1-0

[Event "Orlova op 5th"]
[Site "Orlova"]
[Date "2008.05.25"]
[Round "9"]
[White "Kubos, Rostislav"]
[Black "Zawierucha, Aleksander"]
[Result "1/2-1/2"]
[WhiteElo "2182"]
[BlackElo "2057"]
[PlyCount "121"]
[EventDate "2008.05.17"]
[EventType "swiss"]
[EventRounds "9"]
[EventCountry "CZE"]
[SourceTitle "EXT 2012"]
[Source "ChessBase"]
[SourceDate "2011.11.24"]
[SourceVersion "1"]
[SourceVersionDate "2011.11.24"]
[SourceQuality "1"]

1. Nf3 Nf6 2. c4 d6 3. Nc3 Nbd7 4. d4 c6 5. e4 e5 6. Be2 Be7 7. 0-0 0-0 8. Re1 a6 9. b3 Qc7 10. Bb2 Rd8 11. Bf1 Nf8 12. h3 Ng6 13. Rc1 h6 14. Rc2 Nh7 15. Na4 Ng5 16. Rd2 Bd7 17. dxe5 Nxf3+ 18. Qxf3 dxe5 19. c5 Be6 20. Red1 Rxd2 21. Rxd2 Rd8 22. Qd1 Kf8 23. g3 Ke8 24. h4 f6 25. Bc3 Rxd2 26. Qxd2 Qd8 27. Qc2 Bg4 28. Be2 Bxe2 29. Qxe2 Kf8 30. Bd2 Nh8 31. Be3 Nf7 32. Nb6 Qc7 33. Qg4 Qd8 34. Qe6 Qc7 35. b4 Qd8 36. Kg2 Qc7 37. Kf3 Qd8 38. Ke2 Qc7 39. Kd3 Qd8+ 40. Kc2 Qc7 41. Kc3 Qd8 42. Qg4 Qc7 43. a4 Qd8 44. Kc4 Qc7 45. f4 Qd8 46. Qe2 Ke8 47. Bf2 Kf8 48. Qd3 Qxd3+ 49. Kxd3 exf4 50. gxf4 g5 51. hxg5 hxg5 52. fxg5 fxg5 53. Nc4 Bd8 54. Bg3 Ke7 55. Ke3 Ke6 56. Kf3 Bf6 57. Be1 Ne5+ 58. Nxe5 Kxe5 59. Bc3+ Ke6 60. Bd2 Ke5 61. Bc3+ 1/2-1/2

[Event "POL-chT3 Slaskie"]
[Site "Poland"]
[Date "2008.03.02"]
[Round "5.1"]
[White "Blasiak, Miroslaw"]
[Black "Zawierucha, Aleksander"]
[Result "1/2-1/2"]
[WhiteElo "1987"]
[BlackElo "2057"]
[PlyCount "57"]
[EventDate "2008.02.03"]
[EventType "team-swiss"]
[EventRounds "9"]
[EventCountry "POL"]
[SourceTitle "EXT 2019"]
[Source "ChessBase"]
[SourceDate "2018.10.10"]
[SourceVersion "1"]
[SourceVersionDate "2018.10.10"]
[SourceQuality "1"]

1. e4 e6 2. d4 d5 3. Nc3 dxe4 4. Nxe4 Bd7 5. Nf3 Bc6 6. Bd3 Nd7 7. 0-0 Ngf6 8. Qe2 Nxe4 9. Bxe4 Bxe4 10. Qxe4 c6 11. b3 Be7 12. Bb2 0-0 13. c4 Re8 14. Rad1 Qc7 15. Rfe1 Bf6 16. Bc1 Red8 17. Rd3 e5 18. Ng5 Bxg5 19. Bxg5 f6 20. Bd2 Re8 21. Rde3 Rf8 22. Rh3 g6 23. Qh4 Rf7 24. Bc3 Qd6 25. dxe5 Nxe5 26. Qe4 Rd8 27. f4 Qc5+ 28. Qe3 Qxe3+ 29. Rhxe3 1/2-1/2